| 000 | 00683nam a22001817a 4500 | ||
|---|---|---|---|
| 999 |
_c17913 _d17913 |
||
| 008 | 230203b ||||| |||| 00| 0 eng d | ||
| 082 | _aDPer 510.5 Am351 February - April 2021 v143 no. 1-2 | ||
| 100 |
_aEischen, E. _eauthor. _947654 |
||
| 245 |
_aP-Adic families of automorphic forms in the u-ordinary setting / _cE. Eischen and E. Mantovan |
||
| 260 |
_aBaltimore, Maryland U.S., _bJohns Hopkins University Press, _cFebruary 2021. |
||
| 300 | _avolume 143, pages 1-52. | ||
| 650 |
_aNumbers. _947655 |
||
| 650 |
_aNumber Theory. _947656 |
||
| 650 |
_aGeometry. _947657 |
||
| 700 |
_aEischen, E. _eauthor. _947658 |
||
| 700 |
_aMantovan, E. _eauthor. _947659 |
||
| 942 |
_2ddc _cPER |
||